000 00679nam a22002177a 4500
003 UA-OsUOA
001 77632
007 ta
008 20110920b un ||||| |||| 00| 0 ukr d
100 _aПасічник Т.О.
090 _a32
_bП19
942 _cSA
040 _aUA-OsUOA
_bukr
_cUA-OsUOA
_dUA-OsUOA
245 _aРегуляторна освітня діяльність держави як фактор забезпечення її економічної безпеки
300 _aС.12-16
955 _a0
041 _aukr
080 _a32
773 0 _w77624
_tЕкономіка. Фінанси. Право.
_dК.
_d2011
_g6
650 7 _a32 Політика
_2UDC
999 _c363938
_d363938